| 000 | 00482cam a22001575a 4500 | ||
|---|---|---|---|
| 001 | J100904 | ||
| 008 | 000000s1926 xxk 000 0 eng u | ||
| 035 | _a(Sirsi) u100904 | ||
| 110 |
_aSurveyors' Institution _93783 |
||
| 245 | _aLeasehold enfranchisement. Memorandum by the Council of the Surveyors' Institution, 7th January 1924. Reissued November 1926. | ||
| 260 | _c1926 | ||
| 300 | _a12p. | ||
| 651 | 4 |
_aUnited Kingdom _y |
|
| 690 |
_aLandlord and tenant _96252 |
||
| 942 | _n0 | ||
| 999 |
_c99912 _d99912 |
||